| 000 | 01041cam a22003015i 4500 | ||
|---|---|---|---|
| 999 |
_c16949 _d16949 |
||
| 003 | EG-ScBUE | ||
| 005 | 20200119094648.0 | ||
| 008 | 120822t20092009enk f 000 j eeng d | ||
| 020 | _a184677845X | ||
| 020 | _a9781846778452 | ||
| 040 |
_aEG-ScBUE _beng _erda _cEG-ScBUE _dEG-ScBUE |
||
| 082 | 0 | 4 |
_a823.8 _bDIC _222 |
| 100 | 1 |
_aDickens, Charles, _d1812-1870, _eauthor. |
|
| 245 | 1 | 4 | _aThe collected supernatural and weird fiction of Charles Dickens. |
| 264 | 1 |
_a[Driffield, U.K.] : _bLeonaur, _c[2009] |
|
| 264 | 4 | _cc2009 | |
| 300 |
_a388 pages ; _c24 cm. |
||
| 336 |
_atext _btxt _2rdacontent |
||
| 337 |
_aunmediated _bn _2rdamedia |
||
| 338 |
_avolume _bnc _2rdacarrier |
||
| 490 | 0 | _aSupernatural fiction series | |
| 505 | 2 | _aVolume 1. Contains two novellas 'A Christmas Carol' and 'A House to Let' and nineteen short stories to chill the blood. | |
| 650 | 7 |
_aFantasy fiction, English. _2BUEsh _919604 |
|
| 650 | 7 |
_aShort stories, English. _2BUEsh _929903 |
|
| 651 | _2BUEsh | ||
| 653 |
_bHHUUEENN _cAugust2012 |
||
| 942 |
_2ddc _cBB |
||